Central Library OPAC University of Rajshahi

Microsoft Word : (Record no. 73478)

MARC details
000 -LEADER
fixed length control field 00702nam a2200241 a 4500
001 - CONTROL NUMBER
control field 73478
003 - CONTROL NUMBER IDENTIFIER
rucl marc code BD-RjUL
005 - DATE AND TIME OF LATEST TRANSACTION
control field 20211209082412.0
008 - FIXED-LENGTH DATA ELEMENTS--GENERAL INFORMATION
fixed length control field 170601s1989 caua 001 0 eng d
020 ## - INTERNATIONAL STANDARD BOOK NUMBER
International Standard Book Number 0078815258 :
Terms of availability $22.95
035 ## - SYSTEM CONTROL NUMBER
System control number (BD-RjUL)73696
040 ## - CATALOGING SOURCE
Original cataloging agency DLC
Transcribing agency DLC
Modifying agency DLC
-- BD-RjUL
Language of cataloging eng
041 ## - LANGUAGE CODE
Language code of text/sound track or separate title eng
082 00 - DEWEY DECIMAL CLASSIFICATION NUMBER
Edition number 23
Classification number 005.52
Author mark and year SHM 1989
100 1# - MAIN ENTRY--PERSONAL NAME
Personal name Sheldon, Thomas.
9 (RLIN) 217402
245 10 - TITLE STATEMENT
Title Microsoft Word :
Remainder of title secrets, solutions, shortcuts /
Statement of responsibility, etc. Tom Sheldon.
260 ## - PUBLICATION, DISTRIBUTION, ETC. (IMPRINT)
Place of publication, distribution, etc. Berkeley :
Name of publisher, distributor, etc. Osborne McGraw-Hill,
Date of publication, distribution, etc. c1989.
300 ## - PHYSICAL DESCRIPTION
Pagination xviii, 693 p. :
Illustrations ill. ;
Size 24 cm.
500 ## - GENERAL NOTE
General note Includes index
650 #0 - SUBJECT ADDED ENTRY--TOPICAL TERM
Topical term or geographic name as entry element Word processing.
9 (RLIN) 217403
942 ## - ADDED ENTRY ELEMENTS (KOHA)
Source of classification or shelving scheme Dewey Decimal Classification
Koha item type Books
Holdings
Lost status Source of classification or shelving scheme Damaged status Not for loan Collection code Permanent Location Current Location Shelving location Date acquired Source of acquisition Cost, normal purchase price Total Checkouts Full call number Date last seen Copy number Koha item type
  Dewey Decimal Classification   Not For Loan Non-fiction Central Library, University of Rajshahi Central Library, University of Rajshahi Reading Room 09/08/1994 Aligorh Library 22.95   005.52 SHM 1989 01/06/2017 C-1 Books